Statistics for Countries that Beat New Zealand

Click here to take the quiz!

General Stats

  • This quiz has been taken 921 times
    (715 since last reset)
  • The average score is 13 of 16

Answer Stats

RankCategoryCountries% Correct
4Southernmost country
* Excluding islands of European countries
Chile | Argentina | Australia
98%
6Most confirmed shark attacks since 1580United States | Australia | South Africa | Brazil
94%
4Country geographically closest to AustraliaPapua New Guinea | Indonesia | East Timor
90%
6Largest country entirely on islandsIndonesia | Madagascar | Papua New Guinea |
Japan | Philippines
89%
7Alphabetically last country with
a Z in its name
Zimbabwe | Zambia | Venezuela | Uzbekistan |
Tanzania | Switzerland
88%
2Richest Southern Hemisphere country
(GDP, PPP, 2020)
Australia
86%
3 (t)Most times hosting or co-hosting the
Cricket World Cup through 2031
England | India
85%
6Country with the highest point on an islandIndonesia | Papua New Guinea |
United States | Taiwan | Japan
84%
3Least populous country with the
Union Jack on its flag
Tuvalu | Fiji
83%
3Most species of wild penguinsAustralia | Chile
82%
5Easternmost point on landFiji | Russia | Tuvalu | United States
80%
6Most rugby players per capitaTonga | Fiji | Samoa | Malta |
United Kingdom
80%
2Largest producer of kiwifruit[1]China
68%
2Most peaceful country[2]Iceland
65%
2Country with the most Australian touristsChina
61%
2Country with the most sheep per capita[3]Mongolia
42%

Score Distribution

Percentile by Number Answered

Percent of People with Each Score

Your Score History

You have not taken this quiz since the last reset